| 000 | 01005nam a2200241 a 4500 | ||
|---|---|---|---|
| 001 | 000021170 | ||
| 005 | 20200930011243.0 | ||
| 008 | 100901s1909 sp a r 000 j spa d | ||
| 040 |
_aDO-SdBNP _bspa _cBNPHU |
||
| 082 |
_a833.6 _bH711c |
||
| 100 | 1 |
_aHoffmann, Ernst Theodor Amadeus, _d1766-1822 _944252 |
|
| 245 | 1 | 0 |
_aCuentos fantásticos de E. Teodoro Hoffmann / _cE. Teodoro Hoffmann ; traducción de Enrique L. de Verneuil ; ilustración de F. Xumetra. |
| 260 |
_aBarcelona : _bMaucci, _c1909. |
||
| 300 |
_a328, [24] p. : _bil. ; _c21 cm. |
||
| 490 | 1 | _aBiblioteca "Arte y Letras" | |
| 505 | 1 | _aLa fascinación -- El canto de Antonia -- El misterio de la casa desierta -- El reflejo perdido -- Coppelius -- Annunciata -- La puerta tapiada -- Oliverio Brusson. | |
| 650 | 4 |
_aCuentos alemanes _934115 |
|
| 650 | 4 |
_aLiteratura alemana _93274 |
|
| 700 | 1 |
_aVerneuil, Enrique L. de, _etr. _944253 |
|
| 700 | 1 |
_aXumetra, F., _eil. _944254 |
|
| 830 | 0 |
_aBiblioteca "Arte y Letras" _944255 |
|
| 049 | _aBNGR | ||
| 999 |
_c20671 _d20671 |
||